[Event "Bjelovar op"]
[Site "Bjelovar"]
[Date "2017.08.04"]
[Round "3"]
[White "Lalic, Bogdan"]
[Black "Cenkovcan, Andrija"]
[Result "1-0"]
[WhiteElo "2438"]
[BlackElo "2053"]
[PlyCount "143"]
[EventDate "2017.08.03"]
[EventType "swiss"]
[EventRounds "7"]
[EventCountry "CRO"]
[SourceTitle "CBM 180 Extra"]
[Source "ChessBase"]
[SourceDate "2017.10.06"]
[SourceVersion "1"]
[SourceVersionDate "2017.10.06"]
[SourceQuality "1"]

1. c4 g6 2. d4 Nf6 3. Nc3 Bg7 4. e4 d6 5. Be2 0-0 6. Be3 c6 7. Nf3 Nbd7 8. 0-0 e5 9. d5 c5 10. Ne1 Ne8 11. Nd3 f5 12. f4 Qe7 13. exf5 gxf5 14. Qd2 e4 15. Nf2 Nc7 16. g4 Nf6 17. g5 Nd7 18. a4 a6 19. Nh1 Rb8 20. Ng3 Qf7 21. a5 b5 22. axb6 Rxb6 23. Nh5 Bh8 24. Ra3 Ne8 25. Kh1 Rb4 26. b3 Ng7 27. Ng3 Ne8 28. Bh5 Qg7 29. Nd1 Nc7 30. Qc1 Qe7 31. Bd2 Rb8 32. Ne3 Nb6 33. Bc3 Bxc3 34. Qxc3 Qg7 35. Qxg7+ Kxg7 36. Be2 Ne8 37. h4 Ra8 38. Rfa1 Kh8 39. Bf1 Ra7 40. Bh3 Ng7 41. h5 h6 42. gxh6 Ne8 43. Bxf5 Nf6 44. Bxc8 Nxc8 45. Rxa6 Rh7 46. Ra8 Nxh5 47. Nxh5 Rxh6 48. R1a2 Rxh5+ 49. Rh2 Rxh2+ 50. Kxh2 Kg7 51. Kg2 Kf6 52. Rb8 Rg8+ 53. Kf2 Rh8 54. Rb7 Rh3 55. Rd7 Rh8 56. Kg3 Kg6 57. f5+ Kg5 58. Rf7 Rh1 59. Rg7+ Kf6 60. Rc7 Rh8 61. Kf4 Rh4+ 62. Ng4+ Rxg4+ 63. Kxg4 Ne7 64. Kf4 Nxf5 65. Kxe4 Ng3+ 66. Kd3 Nf5 67. Kc3 Ke5 68. Rh7 Nd4 69. b4 cxb4+ 70. Kxb4 Nc2+ 71. Kc3 Ne3 72. Re7+ 1-0

[Event "CRO-chT2 Center 26th"]
[Site "Croatia"]
[Date "2017.03.26"]
[Round "2.55"]
[White "Novak, Ratko"]
[Black "Cenkovcan, Andrija"]
[Result "1-0"]
[WhiteElo "2180"]
[BlackElo "2030"]
[PlyCount "91"]
[EventDate "2017.03.26"]
[EventType "team-tourn"]
[EventRounds "11"]
[EventCountry "CRO"]
[SourceTitle "EXT 2019"]
[Source "ChessBase"]
[SourceDate "2018.10.10"]
[SourceVersion "1"]
[SourceVersionDate "2018.10.10"]
[SourceQuality "1"]

1. d4 Nf6 2. c4 g6 3. Nc3 Bg7 4. e4 d6 5. Nf3 0-0 6. Be2 e5 7. d5 a5 8. h3 Na6 9. Be3 Nh5 10. g4 Nf4 11. Bxf4 exf4 12. Qd2 Nc5 13. Qxf4 Qe7 14. Qe3 Re8 15. Nd2 Bxc3 16. bxc3 Nxe4 17. Qxe4 Qxe4 18. Nxe4 Rxe4 19. Kd2 b6 20. f3 Rf4 21. Ke3 g5 22. h4 f6 23. hxg5 fxg5 24. Rh5 Rf7 25. Rxg5+ Kh8 26. Bd3 Bd7 27. Rh1 Re8+ 28. Be4 Re5 29. Rxe5 dxe5 30. Rh5 Re7 31. Bf5 Be8 32. Rh2 Kg8 33. Ke4 Bg6 34. Bxg6 hxg6 35. c5 bxc5 36. Rb2 Rf7 37. Rb5 Rf4+ 38. Kxe5 Rc4 39. Rxa5 Rxc3 40. Ke6 Rxf3 41. Rxc5 Ra3 42. Rxc7 Rxa2 43. d6 Re2+ 44. Kf6 Rd2 45. d7 Rd6+ 46. Ke7 1-0

[Event "CRO-chT2 Center"]
[Site "Croatia"]
[Date "2015.04.26"]
[Round "5.14"]
[White "Tomasic, Roland"]
[Black "Cenkovcan, Andrija"]
[Result "1-0"]
[WhiteElo "2120"]
[BlackElo "2012"]
[PlyCount "65"]
[EventDate "2015.03.22"]
[EventType "team-tourn"]
[EventRounds "11"]
[EventCountry "CRO"]
[SourceTitle "EXT 2016"]
[Source "ChessBase"]
[SourceDate "2015.10.08"]
[SourceVersion "1"]
[SourceVersionDate "2015.10.08"]
[SourceQuality "1"]

1. e4 e6 2. d4 d5 3. Nd2 Nc6 4. Ngf3 Nf6 5. e5 Nd7 6. c3 f6 7. exf6 Qxf6 8. Bb5 Bd6 9. Nf1 0-0 10. Ng3 e5 11. Be3 exd4 12. Nxd4 Nxd4 13. Bxd4 Qe6+ 14. Be2 Re8 15. Be3 Nf6 16. 0-0 c6 17. Bd3 Qf7 18. Nf5 Bc7 19. Bd4 Nh5 20. Qg4 Bxf5 21. Bxf5 g6 22. Bc2 Nf4 23. Rae1 Rxe1 24. Rxe1 Re8 25. Rxe8+ Qxe8 26. Be3 c5 27. g3 Ne6 28. h4 Qe7 29. h5 g5 30. Bf5 Ng7 31. Bxg5 Qe1+ 32. Kg2 Nxf5 33. Bd2+ 1-0

[Event "CRO-chT2 Center 23rd"]
[Site "Grubisno Polje"]
[Date "2014.09.07"]
[Round "8.65"]
[White "Ivekovic, Tihana"]
[Black "Cenkovcan, Andrija"]
[Result "1/2-1/2"]
[WhiteElo "2094"]
[BlackElo "1933"]
[PlyCount "78"]
[EventDate "2014.03.02"]
[EventType "team-match"]
[EventRounds "11"]
[EventCountry "CRO"]
[SourceTitle "EXT 2016"]
[Source "ChessBase"]
[SourceDate "2015.10.08"]
[SourceVersion "1"]
[SourceVersionDate "2015.10.08"]
[SourceQuality "1"]

1. d4 Nf6 2. c4 e6 3. Nf3 b6 4. Nc3 Bb4 5. Qc2 Bb7 6. e3 0-0 7. Bd3 d6 8. Bd2 Nbd7 9. 0-0 Qe7 10. a3 Bxc3 11. Bxc3 Rfe8 12. e4 e5 13. d5 Nh5 14. g3 f5 15. Qe2 f4 16. Nh4 g6 17. Ng2 Rf8 18. Qd1 Ndf6 19. Re1 Bc8 20. Bf1 Qg7 21. gxf4 Nxf4 22. Nxf4 exf4 23. f3 g5 24. e5 dxe5 25. Rxe5 Qg6 26. Bd3 Qh6 27. Re7 Rf7 28. Qe2 Bd7 29. Re1 Rxe7 30. Qxe7 Re8 31. Bxh7+ Qxh7 32. Qxf6 Rxe1+ 33. Bxe1 Qf5 34. Qxf5 Bxf5 35. b4 Bd3 36. c5 bxc5 37. bxc5 Bc4 38. d6 cxd6 39. cxd6 Kf7 1/2-1/2

[Event "Topusko op 3rd"]
[Site "Topusko"]
[Date "2014.08.09"]
[Round "2"]
[White "Cenkovcan, Andrija"]
[Black "Yao, Stefano"]
[Result "1/2-1/2"]
[WhiteElo "1975"]
[BlackElo "2185"]
[PlyCount "126"]
[EventDate "2014.08.08"]
[EventType "swiss"]
[EventRounds "9"]
[EventCountry "CRO"]
[SourceTitle "CBM 162 Extra"]
[Source "ChessBase"]
[SourceDate "2014.10.17"]
[SourceVersion "1"]
[SourceVersionDate "2014.10.17"]
[SourceQuality "1"]

1. e4 c5 2. Nf3 e6 3. d4 cxd4 4. Nxd4 a6 5. Nc3 Qc7 6. Be2 Nf6 7. 0-0 Be7 8. a4 0-0 9. Be3 d6 10. Kh1 b6 11. f4 Nbd7 12. Bf3 Bb7 13. Nb3 Rfd8 14. Qe2 Rac8 15. Rad1 Qb8 16. g4 Qa8 17. Qg2 Rxc3 18. bxc3 Bxe4 19. Bxe4 Nxe4 20. Rd3 d5 21. Nd2 Nec5 22. Bxc5 Nxc5 23. Rdf3 Bf8 24. Nb3 Nxa4 25. Re1 Bd6 26. f5 e5 27. f6 g6 28. Rh3 Qc6 29. Qf2 Bf8 30. Rxe5 d4+ 31. Qf3 Qc7 32. cxd4 Qxc2 33. Qd3 Qc8 34. Rh4 Qc6+ 35. Kg1 Qxf6 36. Rh3 Nc5 37. Qf3 Qxf3 38. Rxf3 Nxb3 39. Rxb3 Rxd4 40. Rxb6 Rxg4+ 41. Kf1 Ra4 42. Re8 Kg7 43. Ra8 Ra2 44. h3 a5 45. Rb7 Bc5 46. Rb5 Rf2+ 47. Ke1 Rf5 48. Ke2 Rf2+ 49. Ke1 Rc2 50. Raxa5 Bd6 51. Rb3 Rc4 52. Rd5 Re4+ 53. Kf2 Be7 54. Rf3 f5 55. Rb5 Kh6 56. Rb7 Kh5 57. Rc7 Bh4+ 58. Kf1 h6 59. Rc2 Bg5 60. Re2 Rc4 61. Ref2 Bh4 62. Re2 f4 63. Kg2 g5 1/2-1/2

[Event "CRO-chT U20 23rd"]
[Site "Sv Filip i Jakov"]
[Date "2014.04.19"]
[Round "11.3"]
[White "Troselj, Ivan"]
[Black "Cenkovcan, Andrija"]
[Result "0-1"]
[WhiteElo "1494"]
[BlackElo "1933"]
[PlyCount "62"]
[EventDate "2014.04.14"]
[EventType "team-tourn"]
[EventRounds "11"]
[EventCountry "CRO"]
[SourceTitle "EXT 2016"]
[Source "ChessBase"]
[SourceDate "2015.10.08"]
[SourceVersion "1"]
[SourceVersionDate "2015.10.08"]
[SourceQuality "1"]

1. e4 e6 2. d4 d5 3. Nc3 Nf6 4. Bg5 Be7 5. exd5 exd5 6. Nf3 Nc6 7. Bb5 0-0 8. Bxc6 bxc6 9. Ne5 Qd6 10. 0-0 c5 11. f4 cxd4 12. Qxd4 c5 13. Qa4 h6 14. Bxf6 Bxf6 15. Nb5 Qb6 16. Kh1 Bxe5 17. fxe5 Bd7 18. Qb3 Bxb5 19. Rf2 c4 20. Qf3 Bc6 21. Qe2 Qxb2 22. Rd1 Rae8 23. Qe3 Qxe5 24. Qd2 d4 25. h3 Rd8 26. Rf4 Bb5 27. Rg4 Qe3 28. Qb4 Qe5 29. Qa5 f5 30. Rg6 d3 31. Qxa7 dxc2 0-1

[Event "CRO-chT2 Center 23rd"]
[Site "Grubisno Polje"]
[Date "2014.03.02"]
[Round "1.5"]
[White "Novosel, Tomislav"]
[Black "Cenkovcan, Andrija"]
[Result "1/2-1/2"]
[WhiteElo "2185"]
[BlackElo "1933"]
[PlyCount "64"]
[EventDate "2014.03.02"]
[EventType "team-match"]
[EventRounds "11"]
[EventCountry "CRO"]
[SourceTitle "EXT 2016"]
[Source "ChessBase"]
[SourceDate "2015.10.08"]
[SourceVersion "1"]
[SourceVersionDate "2015.10.08"]
[SourceQuality "1"]

1. d4 d6 2. Nf3 Nf6 3. Bg5 Nbd7 4. e3 g6 5. Be2 Bg7 6. 0-0 0-0 7. c4 Re8 8. Nc3 c6 9. Rc1 a6 10. b4 h6 11. Bh4 g5 12. Bg3 Nh5 13. Qc2 Nxg3 14. hxg3 a5 15. a3 e5 16. Rfd1 Qe7 17. dxe5 Nxe5 18. Nd4 Ng4 19. Rd3 Bxd4 20. exd4 axb4 21. axb4 Be6 22. Bxg4 Bxg4 23. Re3 Qf6 24. Qd2 Rxe3 25. Qxe3 Qe6 26. Qxe6 Bxe6 27. Ne4 Ra4 28. d5 cxd5 29. cxd5 Rxb4 30. f3 f5 31. Nxd6 Bxd5 32. Nxf5 Be6 1/2-1/2

[Event "Valpovo op U20"]
[Site "Valpovo"]
[Date "2013.12.06"]
[Round "2"]
[White "Kolic, Ivan"]
[Black "Cenkovcan, Andrija"]
[Result "0-1"]
[WhiteElo "1818"]
[BlackElo "1933"]
[PlyCount "64"]
[EventDate "2013.12.06"]
[EventType "swiss"]
[EventRounds "7"]
[EventCountry "CRO"]
[SourceTitle "CBM 157 Extra"]
[Source "ChessBase"]
[SourceDate "2013.12.19"]
[SourceVersion "1"]
[SourceVersionDate "2013.12.19"]
[SourceQuality "1"]

1. d4 e6 2. c4 Nf6 3. g3 Bb4+ 4. Bd2 a5 5. Bg2 Nc6 6. Nf3 b6 7. 0-0 Ba6 8. a3 Be7 9. Qc2 0-0 10. Re1 Bb7 11. Nc3 d6 12. Rac1 Rb8 13. e4 e5 14. dxe5 Nxe5 15. Nd5 Nfd7 16. b4 axb4 17. axb4 Ba6 18. Qb3 c6 19. Ne3 b5 20. c5 Nxf3+ 21. Bxf3 dxc5 22. bxc5 Nxc5 23. Qa3 Qxd2 24. Nf5 Qxf2+ 25. Kh1 Bg5 26. Rf1 Bxc1 27. Qxc1 Nd3 28. Qa1 Qb2 29. Qxa6 Nf2+ 30. Kg1 Nh3+ 31. Kh1 Ra8 32. Qxc6 Ra2 0-1

[Event "CRO-ch U19"]
[Site "Vukovar"]
[Date "2013.07.22"]
[Round "1"]
[White "Plenca, Jadranko"]
[Black "Cenkovcan, Andrija"]
[Result "1-0"]
[WhiteElo "2154"]
[BlackElo "1911"]
[PlyCount "101"]
[EventDate "2013.07.22"]
[EventType "swiss"]
[EventRounds "9"]
[EventCountry "CRO"]
[SourceTitle "EXT 2014"]
[Source "ChessBase"]
[SourceDate "2013.11.20"]
[SourceVersion "1"]
[SourceVersionDate "2013.11.20"]
[SourceQuality "1"]

1. e4 e6 2. d4 d5 3. exd5 exd5 4. c4 Bb4+ 5. Nc3 Qe7+ 6. Be3 Nf6 7. h3 c6 8. Bd3 Be6 9. c5 b6 10. cxb6 axb6 11. Nge2 0-0 12. 0-0 c5 13. a3 Bxc3 14. Nxc3 Nc6 15. Bb5 Na7 16. Be2 Rfd8 17. Qc2 Rac8 18. Rad1 c4 19. Bg5 h6 20. Bh4 g5 21. Bg3 Qd7 22. f4 Bf5 23. Qd2 g4 24. Bh4 Rc6 25. hxg4 Bxg4 26. Bf3 Qf5 27. Rde1 Bxf3 28. Rxf3 Kh7 29. Re5 Qg4 30. Bxf6 Rxf6 31. Nxd5 Rfd6 32. Ne3 Qg6 33. f5 Qf6 34. Ng4 Qg7 35. Rf4 Nc6 36. f6 Qg6 37. Ree4 Qg5 38. Qc2 Qg6 39. Qxc4 b5 40. Qc5 h5 41. Ne3 Rxf6 42. Rxf6 Qxf6 43. Qxh5+ Kg8 44. Nd5 Rxd5 45. Qxd5 Qh6 46. Rg4+ Kf8 47. Qc5+ Ke8 48. Re4+ Kd8 49. d5 Nb8 50. d6 Na6 51. Qb6+ 1-0

[Event "CRO-chT U20 22nd"]
[Site "Durdevac"]
[Date "2013.03.28"]
[Round "6"]
[White "Cenkovcan, Andrija"]
[Black "Vujnovic, Patricija"]
[Result "1/2-1/2"]
[WhiteElo "1907"]
[BlackElo "2030"]
[PlyCount "42"]
[EventDate "2013.03.25"]
[EventType "team-tourn"]
[EventRounds "9"]
[EventCountry "CRO"]
[SourceTitle "CBM 153 Extra"]
[Source "ChessBase"]
[SourceDate "2013.04.22"]
[SourceVersion "1"]
[SourceVersionDate "2013.04.22"]
[SourceQuality "1"]

1. e4 c6 2. Nc3 d5 3. Nf3 dxe4 4. Nxe4 Bg4 5. h3 Bxf3 6. Qxf3 e6 7. c3 Nd7 8. d4 Ngf6 9. Bg5 Be7 10. Nxf6+ Bxf6 11. Bxf6 Nxf6 12. g3 0-0 13. Bg2 Qa5 14. 0-0 Rfe8 15. Rfe1 Rad8 16. Qe2 Nd7 17. Qc2 Qc7 18. Rad1 g6 19. Qb3 Qb6 20. Qc2 Kg7 21. Rd2 Nf6 1/2-1/2

[Event "CRO-ch U17"]
[Site "Topusko"]
[Date "2012.07.26"]
[Round "5"]
[White "Cenkovcan, Andrija"]
[Black "Turcin, Lovro"]
[Result "1/2-1/2"]
[WhiteElo "1867"]
[BlackElo "1798"]
[PlyCount "97"]
[EventDate "2012.??.??"]
[EventType "swiss"]
[EventRounds "9"]
[EventCountry "CRO"]
[SourceTitle "EXT 2013"]
[Source "ChessBase"]
[SourceDate "2012.11.22"]
[SourceVersion "1"]
[SourceVersionDate "2012.11.22"]
[SourceQuality "1"]

1. e4 e6 2. d4 d5 3. Nc3 dxe4 4. Nxe4 Nd7 5. Bd3 Ngf6 6. Bg5 h6 7. Bh4 Be7 8. Nf3 0-0 9. 0-0 Nxe4 10. Bxe7 Qxe7 11. Bxe4 Nf6 12. Qe2 Rb8 13. Rfe1 Nxe4 14. Qxe4 Qd6 15. Qe5 Rd8 16. Rad1 b6 17. c3 Qxe5 18. Rxe5 Bb7 19. Re3 Bxf3 20. Rxf3 Rd6 21. Kf1 Rbd8 22. Re1 Rd5 23. Rfe3 Kf8 24. Re5 Rxe5 25. Rxe5 Rd5 26. Rxd5 exd5 27. Ke2 Ke7 28. Ke3 Ke6 29. Kf4 g6 30. f3 Kf6 31. h4 Ke6 32. g4 f6 33. Ke3 g5 34. h5 a6 35. f4 c6 36. f5+ Kd6 37. Kd3 Kc7 38. b3 Kd6 39. a3 Kc7 40. a4 Kd6 41. Kc2 c5 42. Kd3 Kc6 43. c4 dxc4+ 44. Kxc4 cxd4 45. Kxd4 Kd6 46. b4 b5 47. axb5 axb5 48. Ke4 Kc6 49. Kd4 1/2-1/2